Zbierka úloh z matematiky pre 3. ročník - VP

Bibliographic Details
Format: Book
Language:Slovak
PhysicalDescription:44 s. ilustr. 29 cm
Published: [Námestovo Tlačiareň Kubík 2015]
ISBN:9788089602407
Subjects:

MARC

LEADER 00000nam a2200000 a 4500
001 vtls011430762
003 SK-MaSNL
005 20260301042308.0
008 181130s2015 xo a c 000 0 slo
015 |a SNBA2016/01 
020 |a 9788089602407  |q (brož.) 
035 |a urn:nbn:sk:snk-am00b7mg 
035 |a urn:nbn:sk:snk-am3h8p2 
035 |a 5F947CBD-C7C2-4658-AED7-4BF21F08BC9B 
040 |a SNK  |b slo  |c SNK  |e AACR2 
041 0 |a slo 
044 |a xo  |c SK 
072 7 |a 51  |x Matematika  |2 konspekt 
080 |a 51  |2 2001 
080 |a (076.1/.3)  |2 2001 
080 |a (075.3)  |2 2001 
245 0 0 |a Zbierka úloh z matematiky  |b pre 3. ročník - VP 
260 |a [Námestovo  |b Tlačiareň Kubík  |c 2015] 
300 |a 44 s.  |b ilustr.  |c 29 cm 
500 |a Názov z obalu 
500 |a Vydav. údaje podľa ISBN 
650 0 7 |a matematika  |2 SNKPH  |9 70174 
650 0 7 |a Mathematics  |2 SNKPHeng  |9 265620 
655 7 |a zbierky úloh  |2 SNKPH  |9 70562 
655 7 |a učebnice stredných škôl  |2 SNKPH  |9 69323 
655 7 |a Examinations, questions etc.  |2 SNKPHeng  |9 286217 
655 7 |a Textbooks (secondary)  |2 SNKPHeng  |9 276359 
919 |a 978-80-89602-407 
999 |c 590642  |d 592572 
952 |a SNK  |b SNK  |y PREZ  |7 0  |p 17A1176977  |o snkSB 89368  |i snk2016/195  |8 0  |0 0  |1 0  |4 0  |d 2016-01-08  |f 1  |l 0  |r 2025-05-12 00:00:00  |w 2026-02-23 
952 |a SNK  |b SNK  |y VYP  |7 0  |p 17A1176978  |o snkSB 89368 D1  |i snk2015/196  |8 0  |0 0  |1 0  |4 0  |d 2016-01-08  |l 0  |r 2026-02-23 15:23:02  |w 2026-02-23